| 000 | 00501nam a2200157 4500 | ||
|---|---|---|---|
| 001 | 109034 | ||
| 003 | ES-MaACL | ||
| 007 | t| | ||
| 008 | 061121s1985 fr r ||||1| spa d | ||
| 100 | 1 |
_aMiró, Adrián. _981595 |
|
| 245 | 1 | 0 |
_aAlbum de soledades / _cAdrián Miró; portada e ilustraciones de Ramón Castañer. |
| 260 |
_aParís : _b[s. n.], _c1985 ( _eAlcoy : _fGráf. Ciudad) |
||
| 300 |
_a72 p. : _bil. ; _c21 cm. |
||
| 700 | 1 |
_aCastañer, Ramón. _936416 |
|
| 852 |
_aES-MaACL _jL-8369 _bR.108710 |
||
| 999 |
_c109034 _d109034 |
||